000
00322nam a2200145Ia 4500
008
150301s2015 xx 000 0 und d
082
_a
612.015
_b
P14G
100
_a
R.C GUPTA
245
_a
PRACTICAL BIOCHEMISTRY
250
_a
5TH
260
_b
CBS- DELHI
300
_a
245
650
_a
PHARMACEUTICS
942
_2
ddc
_c
BK
999
_c
7225
_d
7225